[Event "TUR-chT2"]
[Site "Konya"]
[Date "2017.07.12"]
[Round "6.16"]
[White "Erdem, Salih"]
[Black "Ergin, Faruk Esat"]
[Result "0-1"]
[WhiteElo "1595"]
[BlackElo "1818"]
[PlyCount "64"]
[EventDate "2017.07.09"]
[EventType "team-swiss"]
[EventRounds "9"]
[EventCountry "TUR"]
[SourceTitle "CBM 179 Extra"]
[Source "ChessBase"]
[SourceDate "2017.08.23"]
[SourceVersion "1"]
[SourceVersionDate "2017.08.23"]
[SourceQuality "1"]
[WhiteTeam "Ataturk Univ"]
[BlackTeam "Canakkale 1915"]
[WhiteTeamCountry "TUR"]
[BlackTeamCountry "TUR"]

1. e4 e5 2. d4 exd4 3. Qxd4 Nc6 4. Qe3 Nf6 5. Nc3 g6 6. Bd2 Bg7 7. f4 0-0 8. 0-0-0 Re8 9. Qg3 Nxe4 10. Nxe4 Rxe4 11. Bd3 Re8 12. h4 h5 13. Nf3 d5 14. f5 Bxf5 15. Bxf5 Qf6 16. Bc3 Qxf5 17. Bxg7 Kxg7 18. Rhf1 Qd7 19. Ng5 Re7 20. Qf3 Rd8 21. g4 hxg4 22. Qf6+ Kg8 23. h5 Qd6 24. hxg6 Qxf6 25. Rxf6 Kg7 26. Rdf1 g3 27. Rxf7+ Kxg6 28. Rxe7 Nxe7 29. Ne6 Rh8 30. Rg1 Kf5 31. Ng7+ Kg4 32. Ne6 Kf3 0-1

[Event "TUR-chT2"]
[Site "Konya"]
[Date "2017.07.12"]
[Round "5.15"]
[White "Ergin, Faruk Esat"]
[Black "Yatkin, Osman"]
[Result "1/2-1/2"]
[WhiteElo "1818"]
[BlackElo "1744"]
[PlyCount "120"]
[EventDate "2017.07.09"]
[EventType "team-swiss"]
[EventRounds "9"]
[EventCountry "TUR"]
[SourceTitle "CBM 179 Extra"]
[Source "ChessBase"]
[SourceDate "2017.08.23"]
[SourceVersion "1"]
[SourceVersionDate "2017.08.23"]
[SourceQuality "1"]
[WhiteTeam "Canakkale 1915"]
[BlackTeam "Koycegiz Su Sporlari"]
[WhiteTeamCountry "TUR"]
[BlackTeamCountry "TUR"]

1. e4 c5 2. Nf3 g6 3. c3 d5 4. e5 Bg7 5. d4 Nc6 6. Bd3 Bg4 7. Be3 e6 8. Nbd2 Nge7 9. 0-0 Nf5 10. h3 Nxe3 11. fxe3 Bxf3 12. Nxf3 c4 13. Bc2 f5 14. exf6 Bxf6 15. e4 0-0 16. Qe2 Qd7 17. e5 Bg7 18. h4 Ne7 19. h5 Bh6 20. hxg6 Nxg6 21. Nh2 Qg7 22. Qg4 Nf4 23. g3 Qxg4 24. Nxg4 Ne2+ 25. Kg2 Bg5 26. Rfe1 Nc1 27. Raxc1 Bxc1 28. Rxc1 Kg7 29. Rh1 Rh8 30. Rh6 Rae8 31. Rxh7+ Rxh7 32. Bxh7 b5 33. Nf6 Rd8 34. Bc2 a5 35. g4 b4 36. a4 bxa3 37. bxa3 Rb8 38. Kh3 Rb3 39. Nh5+ Kg8 40. Nf6+ Kg7 41. Nh5+ Kh8 42. Bg6 Rxc3+ 43. Kh4 Rf3 44. Kg5 c3 45. Nf4 Rf2 46. Nxe6 c2 47. Bxc2 Rxc2 48. Nf4 Rd2 49. e6 Rxd4 50. e7 Re4 51. Nxd5 Kg7 52. Kf5 Re1 53. g5 Kf7 54. Kg4 Re5 55. Kf4 Re6 56. Kf5 Re1 57. Kg4 Re5 58. Kf4 Re6 59. Kf5 Re1 60. a4 Re2 1/2-1/2

[Event "TUR-chT2"]
[Site "Konya"]
[Date "2017.07.09"]
[Round "1.9"]
[White "Ergin, Faruk Esat"]
[Black "Taskiran, Recep"]
[Result "0-1"]
[WhiteElo "1818"]
[BlackElo "1912"]
[PlyCount "82"]
[EventDate "2017.07.09"]
[EventType "team-swiss"]
[EventRounds "9"]
[EventCountry "TUR"]
[SourceTitle "CBM 179 Extra"]
[Source "ChessBase"]
[SourceDate "2017.08.23"]
[SourceVersion "1"]
[SourceVersionDate "2017.08.23"]
[SourceQuality "1"]
[WhiteTeam "Canakkale 1915"]
[BlackTeam "Dobruca"]
[WhiteTeamCountry "TUR"]
[BlackTeamCountry "TUR"]

1. e4 c5 2. Nf3 d6 3. Bb5+ Nd7 4. c3 a6 5. Ba4 b5 6. Bc2 g6 7. d4 Bg7 8. 0-0 Bb7 9. Qe2 e6 10. Rd1 Qc7 11. Bf4 e5 12. Bg3 Ngf6 13. dxe5 dxe5 14. c4 b4 15. Ba4 0-0 16. Nbd2 Rad8 17. Ne1 Nb6 18. Bc2 Nh5 19. Nd3 Rd4 20. f3 Nxg3 21. hxg3 Rfd8 22. Nb3 Rxc4 23. Na5 Rcd4 24. Nxb7 Qxb7 25. Nxc5 Qc8 26. Nxa6 Nc4 27. Nxb4 Qc5 28. Rxd4 Rxd4 29. Kh2 Qxb4 30. Bb3 Nd2 31. Bd5 Qxb2 32. Rd1 Bh6 33. Kh1 Qc2 34. f4 exf4 35. gxf4 Bxf4 36. Rf1 Qc7 37. Rd1 Qd8 38. Qf2 Nxe4 39. Bxf7+ Kf8 40. Qxf4 Rxd1+ 41. Kh2 Qd6 0-1

[Event "TUR-ch U20"]
[Site "Canakkale"]
[Date "2016.06.28"]
[Round "2"]
[White "Ergin, Faruk Esat"]
[Black "Kamer, Kayra"]
[Result "0-1"]
[WhiteElo "1765"]
[BlackElo "1995"]
[PlyCount "50"]
[EventDate "2016.06.27"]
[EventType "swiss"]
[EventRounds "9"]
[EventCountry "TUR"]
[SourceTitle "CBM 173 Extra"]
[Source "ChessBase"]
[SourceDate "2016.08.29"]
[SourceVersion "1"]
[SourceVersionDate "2016.08.29"]
[SourceQuality "1"]

1. e4 g6 2. d4 Bg7 3. Nc3 d6 4. Nf3 c6 5. Be3 Qc7 6. Qd2 Nf6 7. Bd3 Bg4 8. Ng1 e5 9. h3 Be6 10. Nf3 Nbd7 11. Ng5 Nf8 12. Nxe6 Nxe6 13. Ne2 0-0-0 14. c3 Rhe8 15. 0-0 d5 16. exd5 Nxd5 17. Rad1 exd4 18. Bxd4 Nxd4 19. Nxd4 Bxd4 20. cxd4 Nf4 21. Bc4 Re4 22. Rfe1 Rxe1+ 23. Qxe1 b5 24. Bxb5 cxb5 25. Rc1 Ne2+ 0-1